000 00346nam a2200133Ia 4500
008 240624s9999 xx 000 0 und d
041 _aeng
082 _a658.3 DOM
100 _aDOMSCH MICHEL E
245 _aHUMAN RESOURCE MANAGEMENT IN CONSULTING
260 _c2006
_aLondon
_bSpringer
300 _ax, : 225 : p. : cm. ; 23
365 _cERU
_b28
999 _c24270
_d24270